|
|
|
|
| LEADER |
00000nam0a2200000 4500 |
| 001 |
678088 |
| 005 |
20250312163231.0 |
| 090 |
|
|
|a 678088
|
| 100 |
|
|
|a 20250113d1953 m||y0rusy50 ca
|
| 101 |
0 |
|
|a rus
|
| 102 |
|
|
|a RU
|
| 105 |
|
|
|a y z 001ay
|
| 181 |
|
0 |
|a i
|b e
|
| 182 |
|
0 |
|a n
|
| 183 |
|
0 |
|a nc
|2 RDAcarrier
|
| 200 |
1 |
|
|a Сочинения
|f А. С. Грибоедов
|
| 203 |
|
|
|a Текст
|b визуальный
|c непосредственный
|
| 210 |
|
|
|a Москва
|c Гос. изд-во художественной литературы
|d 1953
|
| 215 |
|
|
|a 771 с.
|
| 283 |
|
|
|a volume
|2 RDAcarrier
|
| 320 |
|
|
|a Предисл. с. 2
|
| 320 |
|
|
|a Приложения: с. 611-640
|
| 320 |
|
|
|a Комментарии: с. 641-765
|
| 600 |
|
1 |
|a Грибоедов
|b А. С.
|c русский писатель и дипломат
|f 1791-1829
|g Александр Сергеевич
|9 124
|
| 606 |
|
|
|a Русская литература, дореволюционная
|9 50314
|
| 610 |
1 |
|
|a художественная литература
|
| 610 |
1 |
|
|a драматургия
|
| 610 |
1 |
|
|a стихотворения
|
| 610 |
1 |
|
|a письма
|
| 610 |
1 |
|
|a заметки
|
| 610 |
1 |
|
|a русские писатели
|
| 610 |
1 |
|
|a 19 век
|
| 675 |
|
|
|a Р1
|v 4
|
| 700 |
|
1 |
|a Грибоедов
|b А. С.
|c русский писатель и дипломат
|f 1791-1829
|g Александр Сергеевич
|9 124
|
| 801 |
|
0 |
|a RU
|b 63413507
|c 20250113
|
| 830 |
|
|
|a ретро2025ХФ
|
| 850 |
|
|
|a 63413507
|
| 942 |
|
|
|c BK
|